| 000 | 00404nam a2200145 a 4500 | ||
|---|---|---|---|
| 005 | 20140412111327.0 | ||
| 008 | 110128s19uu xx 00 eng d | ||
| 020 | _a0-8075-2281-3 | ||
| 050 |
_aTR(GS 513.112 _bWh55 1997 |
||
| 100 | _aWells, Robert | ||
| 245 |
_aWhat's faster than a speeding cheetah? / _cRobert E. Wells. |
||
| 260 |
_aCanada : _bGeneral pub, _c1997. |
||
| 300 | _aunp. | ||
| 999 |
_c104690 _d104690 |
||